|
|
|
|
| LEADER |
00000nab a2200000 a 4500 |
| 001 |
vtls000803031 |
| 003 |
SK-MaSNL |
| 005 |
20260304121858.0 |
| 008 |
250429c2002 xo 0 slo |
| 015 |
|
|
|a SNBRB2002/08-25404
|
| 035 |
|
|
|a CLN000154686
|
| 035 |
|
|
|a urn:nbn:sk:snk-ab1lh9
|
| 035 |
|
|
|a (urnnbn)urn:nbn:sk:snk:ar-004eoe
|
| 035 |
|
|
|a (uuid)fd4ef8e3-1be0-435b-b5f8-91504cae02ce
|
| 040 |
|
|
|a SNKBUCL
|b slo
|c SNKBUCL
|e AACR2
|
| 041 |
0 |
|
|a slo
|
| 044 |
|
|
|a xo
|c SK
|
| 080 |
|
|
|a 801-051
|2 1981
|
| 080 |
|
|
|a 808.54-051
|2 1981
|
| 080 |
|
|
|a 37-051
|2 1981
|
| 080 |
|
|
|a 929 Oravec, Ján
|2 1981
|
| 100 |
1 |
|
|a Masár, Ivan,
|d 1930-2008
|4 aut
|9 13367
|
| 245 |
1 |
0 |
|a Zastavenie pri nedožitej osemdesiatke Jána Oravca
|b (1.6.1922-1.5.1986)
|c Ivan Masár
|
| 600 |
1 |
7 |
|a Oravec, Ján,
|d 1922-1986
|2 snkbucl
|9 106656
|
| 655 |
|
7 |
|a profily
|2 snkbucl
|9 341977
|
| 773 |
0 |
|
|t Kultúra slova
|g Roč. 36, č. 3 (2002), s. 156-158
|x 0023-5202
|
| 850 |
|
|
|a Slovenská národná knižnica
|
| 852 |
|
|
|a Slovenská národná knižnica
|
| 954 |
|
|
|a odborná, vedecká literatúra pôvodná (slovenská)
|2 lita
|
| 958 |
|
|
|a article27
|
| 958 |
|
|
|a OND
|
| 958 |
|
|
|a BX
|
| 958 |
|
|
|a EUIPO
|
| 999 |
|
|
|c 2887553
|d 2889483
|